000 00375nam a2200169Ia 4500
008 210210b1932 xxu||||| |||| 00| 0 eng d
041 _aeng
082 _a881/32
100 _aHEMACHANDRA
245 _aSatya bhAma parinayam
260 _aBombay
_b-
_c1932
650 _aSatya
650 _aparinayam
650 _abhAma
690 _aSanskrit Poetry
906 _a024204
999 _c149551
_d149551